| 000 | 01666nab a2200205 i 4500 | ||
|---|---|---|---|
| 001 | 768714001 | ||
| 003 | CO-MdFUSB | ||
| 005 | 20230111084515.0 | ||
| 008 | 220926s1993 gt ||||| |||| 00| 0 spa d | ||
| 040 |
_bspa _cCO-MdFUSB _dCO-MdFUSB |
||
| 041 | _aspa | ||
| 100 |
_aWilliams, Gary _eautor |
||
| 245 | 1 | 3 |
_aLa crítica de las tradiciones versus la hipótesis documentaria : _breseña de Rolf Rendtorff, the problem of the process of trasmission in the pentateuch _c/ Gary R. Williams |
| 300 |
_aNúmero 12 (Enero - Junio, 1993), Páginas 83-87 _c; 21 cm. |
||
| 520 | _aEsta breve pero importante obra fue publicada originalmente en 1977 en alemán . Como el título original indica, el libo se trata de la transmisión no del texto del Pentateuco, sino de sus tradiciones. Es decir, su tema no es la crítica textual, sino la historia de las tradiciones. Siguiendo las metodologías de las criticas de las formas y de las tradiciones, Rendtoff procura describir el proceso por el cual, según él, las unidades literarias más pequeñas del Pentateuco fueron unidas en colecciones pequeñas, fueron estas colecciones fueron combinadas en unidades más grandes, y finalmente tomó forma el pentateuco como unidad completa, tal como lo conocemos hoy día. Las conclusiones a las cuales el autor llega rompen con los esquemas generalmente aceptados hoy día en los estudios críticos. | ||
| 650 | 7 |
_9483 _aBiblia _xCrítica textual |
|
| 773 | 0 |
_049489 _961206 _oR0034 _tKairós _x1014-9341 _gNúmero 12 (Enero - Junio, 1993), Páginas 83-87 _qPáginas 83 |
|
| 773 | 0 |
_049489 _981308 _gNúmero 12 (Enero - Junio, 1993), Páginas 83-87 _qPáginas 83 _tKairós |
|
| 942 | _cANA | ||
| 999 |
_c68208 _d68208 |
||